000 00277nam a22001337a 4500
008 170405b xxu||||| |||| 00| 0 eng d
020 _a79117B
041 _aeng
080 _22ND
_a574
100 _a9
101 _aSHM
245 _aENVIRONMENT
_cWITHGOTT, J
942 _2udc
_cBK
999 _c9693
_d9693